| 000 | 00720nam a2200217 u 4500 | ||
|---|---|---|---|
| 001 | 61801 | ||
| 005 | 20180714063557.0 | ||
| 008 | 141124s2011 xxua r 000 0 spa d | ||
| 020 | _a978-0-240-81471-1 | ||
| 041 | _aeng | ||
| 082 | 0 |
_a006.693 _bCHO |
|
| 100 | 1 |
_aChopine, Ami, _eautor |
|
| 245 | 1 | 0 |
_a3D [i.e. Third D] art essentials : _bthe fundamentals of 3D modeling, texturing, and animation / _cAmi Chopine. |
| 250 | _aFirst edition. | ||
| 264 | 1 |
_aUnited States : _bElsevier Inc. _c2011 |
|
| 300 |
_axiii, 274 páginas : _bilustraciones ; _c24 cm. |
||
| 336 |
_atexto _2rdacontent |
||
| 337 |
_asin mediación _2rdamedia |
||
| 338 |
_avolumen _2rdacarrier |
||
| 650 | 0 | _aOrdenador y animación | |
| 999 |
_c61801 _d61801 |
||